000 00420nam a2200169Ia 4500
001 22588
003 IN-NITTTR
005 20251114233255.0
008 251113s9999||||xx |||||||||||||| ||eng||
040 _beng
040 _cIN-NITTTR
041 _aeng
082 _a658.56 H43J
100 _aHernandez, Arnaldo
245 0 _aJust-in-time manufacturing ; a practical approach. /
_cHernandez, Arnaldo
942 _2ddc
_cBK
999 _c25217
_d25217